<?xml version="1.0" encoding="utf-8"?>
<?xml-stylesheet type='text/xsl' href='./oai2.xsl'?>
<OAI-PMH xmlns="http://www.openarchives.org/OAI/2.0/" xmlns:xsi="http://www.w3.org/2001/XMLSchema-instance" xsi:schemaLocation="http://www.openarchives.org/OAI/2.0/ http://www.openarchives.org/OAI/2.0/OAI-PMH.xsd">
  <responseDate>2026-06-07T20:28:44Z</responseDate>
  <request verb="GetRecord" metadataPrefix="marcxml" identifier="record_kuniweb_163911">https://kulturerbe.niedersachsen.de/oai</request>
  <GetRecord>
    <record>
      <header>
        <identifier>record_kuniweb_163911</identifier>
        <datestamp>2025-08-28T09:38:22Z</datestamp>
        <setSpec>slg0111</setSpec>
      </header>
      <metadata>
        <marc:record xmlns:marc="http://www.loc.gov/MARC21/slim" xsi:schemaLocation="http://www.loc.gov/MARC21/slim http://www.loc.gov/standards/marcxml/schema/MARC21slim.xsd">
          <marc:leader>12345nkm  22     uu 4500</marc:leader>
          <marc:controlfield tag="001">163911</marc:controlfield>
          <marc:controlfield tag="003">http://kuniweb.gbv.de</marc:controlfield>
          <marc:controlfield tag="005">2018-03-15T19:01:27</marc:controlfield>
          <marc:controlfield tag="008">|           ||||||||||||||||||||||</marc:controlfield>
          <marc:datafield tag="245" ind1="1" ind2="0">
            <marc:subfield code="a">Anlage zweier Vertikalmahlgänge für die Gipsfabrik der Gebr. Roddewig in Badenhausen, 1909</marc:subfield>
          </marc:datafield>
          <marc:datafield tag="710" ind1="2" ind2=" ">
            <marc:subfield code="a">Gebrüder Roddewig, Badenhausen</marc:subfield>
            <marc:subfield code="e">AuftraggeberIn</marc:subfield>
          </marc:datafield>
          <marc:datafield tag="655" ind1=" " ind2="7">
            <marc:subfield code="a">Grafik</marc:subfield>
          </marc:datafield>
          <marc:datafield tag="046" ind1=" " ind2=" ">
            <marc:subfield code="k">1909-12-15</marc:subfield>
            <marc:subfield code="k">15.12.1909</marc:subfield>
          </marc:datafield>
          <marc:datafield tag="260" ind1=" " ind2=" ">
            <marc:subfield code="g">1909-12-15</marc:subfield>
            <marc:subfield code="g">15.12.1909</marc:subfield>
          </marc:datafield>
          <marc:datafield tag="520" ind1=" " ind2=" ">
            <marc:subfield code="a">Zeichnung - schwarz-weiß
Herstellungsort - Königshütte, Bad Lauterberg

Auftraggeber und Standort:
Gebr. Roddewig, Badenhausen a. Harz

Information:
Die Zeichnung ist auch als schwarz-weiß-Version vorhanden.

Anmerkung zum Auftraggeber:
1898 hat Ludwig Roddewig, ein Ziegelei- und Sägemühlenbesitzer in Badenhausen die Oberhütte erworben und die Produktionsanlagen mit seinem Bruder August ausgebaut, die Firmierung lief unter ‚Gebrüder Roddewig‘ und umfasste eine Dampfziegelei, ein Sägewerk, eine Holzhandlung und eine Gipsfabrik. Nach dem Tod von Ludwig R. gründeten seine Witwe und sein Sohn die Fa. ‚Roddewig &amp; Co‘. 1984 starb Hans Roddewig, seine Söhne gründeten die Fa. "ROCCOGIPS GmbH" und leiteten sie als Geschäftsführer. 
1991 wurde die Werke Badenhausen, Dorste, Ellrich an die "Heidelberger Zement AG" verkauft. 1995 wurde u.a. das Werk in Badenhausen wegen ‚Erschöpfung der Rohsteinvorkommen geschlossen.
aus: 
Bildergallerie - Oberhütte
www.oberhuette.de/Oberhuette_Gallerie_Alt/Gipswerke.../Gipswerk%20start.htm


 (Förderkreis Königshütte Bad Lauterberg e.V.)

Maßstab: 1 zu 50</marc:subfield>
          </marc:datafield>
          <marc:datafield tag="650" ind1="1" ind2=" ">
            <marc:subfield code="a">Gipsverarbeitung</marc:subfield>
          </marc:datafield>
          <marc:datafield tag="650" ind1="1" ind2=" ">
            <marc:subfield code="a">Grafik, Fotografie &gt; Zeichnung</marc:subfield>
          </marc:datafield>
          <marc:datafield tag="650" ind1="1" ind2=" ">
            <marc:subfield code="a">Industrie</marc:subfield>
          </marc:datafield>
          <marc:datafield tag="650" ind1="1" ind2=" ">
            <marc:subfield code="a">Badenhausen (Bad Grund (Harz), Osterode am Harz, Niedersachsen)</marc:subfield>
          </marc:datafield>
          <marc:datafield tag="773" ind1="0" ind2=" ">
            <marc:subfield code="t">Mühlen-, Gips- und sonstige Anlagen</marc:subfield>
          </marc:datafield>
          <marc:datafield tag="852" ind1=" " ind2=" ">
            <marc:subfield code="a">Industriedenkmal Königshütte Bad Lauterberg im Harz</marc:subfield>
          </marc:datafield>
          <marc:datafield tag="" ind1=" " ind2=" ">
            <marc:subfield code="a">Namensnennung - Nicht kommerziell - Keine Bearbeitungen 4.0 International (CC BY-NC-ND 4.0)</marc:subfield>
          </marc:datafield>
        </marc:record>
      </metadata>
    </record>
  </GetRecord>
</OAI-PMH>
